Die 7 Weltwunder ( gewählt 2007) - Statistiken

Allgemein
  • Dieses Quiz wurde 73 mal gespielt
  • Das Durchschnittsergebnis liegt bei 5 aus 7
Antwortstatistiken
Hint Antwort Land % Korrekt
1 Chinesische Mauer China
92%
6 Taj Mahal Indien
85%
2 Petra Jordanien
82%
5 Machu Picchu Peru
80%
3 Kolosseum Italien
79%
4 Chichén Itzá Mexiko
35%
7 Cristo Redentor Brasilien
35%
Keine übereinstimmenden Quizze gefunden
Verteilung der Resultate
Anzahl Personen mit jedem Resultat
Perzentil nach korrekt beantworteten Fragen
Ihre Resultats-Entwicklung
Sie haben dieses Quiz noch nicht gespielt